Quizzes
Events
Quiz Creation
Community
Videos
Private Events
Remove Ads
Sign In
Join for FREE
Feedback
Dark Mode
Quiz Categories
Sports
Geography
Music
Movies
Television
Just For Fun
Miscellaneous
History
Literature
Language
Science
Gaming
Entertainment
Religion
Holiday
For Kids
Quiz Lab
Recent
Popular Today
Quiz Kudos Today
Editor Picks
Curator Picks
Quizzes by...
Day
Popularity
Type
Ratings
Length
Year
Community
Subscriptions
Recent Discussions
Orange Saloon
Badges
Playlists
Quests
Create
Leaderboards
Showdown
Live 5
Trivia Bingo
Activity
Puzzle Library
Sporcle Events
Private Events
Virtual Trivia
Globe League
Become a Host
Pub Owners
SporcleCon
Opinionation
Our Games
Videos
Blog
Mobile Apps
Partnerships
Remove Ads and Go Orange
Feedback
Television
TV Characters
TV Show
Sitcom
Network
Friends
Reality Shows
Cast
South Park
Star Trek
The Simpsons
Doctor Who
Television
TV Characters
TV Show
Sitcom
Network
Friends
Reality Shows
Cast
South Park
Star Trek
The Simpsons
Doctor Who
Random Quiz
Search Sporcle
×
Quiz Lab
Quiz Lab
Television
Show
Type in answers that appear in a list
Type in answers that appear in a list
Classic
Best Score? Go Orange.
Animated Characters Stats
Can you name the show these animated characters were on?
By
nomar34
8m
25 Questions
326 Plays
326 Plays
326 Plays
Comments
Comments
Give Quiz Kudos
Give Quiz Kudos
-
- Ratings
hide this ad
Replay
Link that replays current quiz
Next Quiz
Link to next quiz in quiz playlist
You Got
0%
They Got
Avg Score
40%
Avg Friend Score
Upgrade to see
Score Distribution
Jump to the score distribution portion of the page
Score
0/25
Timer
08:00
0
Plays Today
Character
Show
% Correct
C. Montgomery Burns
The Simpsons
90.8%
Squidward
SpongeBob SquarePants
85.6%
Mort Goldman
Family Guy
75.2%
Bender Bending Rodríguez
Futurama
70.9%
Chuckie Finster
Rugrats
64.7%
Token Black
South Park
62.3%
Cosmo Spacely
The Jetsons
60.7%
Daphne Blake
Scooby-Doo
60.4%
Mr. Slate
The Flintstones
52.5%
April O'Neil
Teenage Mutant Ninja Turtles
50.9%
Stimpson J. Cat
The Ren and Stimpy Show
48.2%
Launchpad McQuack
DuckTales
46.3%
Bill Dauterive
King of the Hill
34.7%
Character
Show
% Correct
Klaus Heissler
American Dad
34.4%
Hampton J. Pig
Tiny Toon Adventures
31%
Mushmouth
Fat Albert and the Cosby Kids
30.7%
J. Wellington Wimpy
Popeye
25.8%
Dr. Otto Scratchansniff
Animaniacs
24.2%
Rallo Tubbs
The Cleveland Show
17.5%
Captain Leslie Hero
Drawn Together
11.3%
Brigadier General Clayton Abernathy
G.I. Joe
11.3%
Cringer
He-Man and the Masters of the Universe
11%
Bradley Buzzcut
Beavis and Butt-head
9.2%
Duke Phillips
The Critic
7.1%
Willibald Cornfed
Duckman
5.2%
Quiz Playlist
Details
Report
Send in Message
Add To Playlist
Classic:
Type in answers that appear in a list
Last Updated: Feb 16, 2017
Quiz Scoreboard
CHALLENGE
Sign Up to Join the Scoreboard
Show All
Scores
Hide
Comments
May contain spoilers
Recently Published
TV Characters by Other Roles V
by ghcgh
Television
5m
Decade Duel: World Leaders
by jenniferyan
History
4m
Alphabetical 'K' Countries by Flag Minefield
by ylime102
Geography
3m
More to Explore
Quiz From the Vault
Featured Blog Post
15 Basketball Trivia Facts You Can Be March Mad About
hide this ad
You Might Also Like...
Tags
Animation Quiz
Show Quiz
Character
Today's Top Quizzes in Television
Browse Television
hide this ad
Today's Top Quizzes in Show
Browse Show
Top Contributed Quizzes in Television
1
Hidden Simpsons Character
2
First Name TV: Leading Men
3
Hidden Simpsons Character XXIV
4
First Name TV: Leading Women Drama
5
One Piece Logic Puzzle
6
Hidden Simpsons Character II
7
Hidden Simpsons Character XXV
8
Hidden Simpsons Character XXVI
9
Hidden Simpsons Character III
10
Pick A Pair: Religious TV
Explore More
Trending Topics
NBA
Marvel
Disney
Anime
Kpop
Harry Potter
Crossword
WWE
Soccer
NFL
Country
Puzzle
Song
The Office
Pokémon
hide this ad
More By:
nomar34
Quiz
Plays
Rating
Category
Featured
Created
MLB 50 HR Seasons by a Lefty
831
4.25
Sports
Oct 28, 2009
Animated Characters
326
3.83
Television
Oct 28, 2009
MLB Trivia Potpourri
272
3.75
Sports
Jan 25, 2016
20TH CENTURY U.S. HISTORY QUIZ
265
History
Jan 25, 2016
Television Trivia Potpourri
128
4.00
Entertainment
Jan 25, 2016
Go to Creator's Profile
Score Distribution
Quiz Creator Spotlight
nomar34
Follow
Send a Message
Quizzes Created
-
Created Quiz Play Count
-
More By This Creator
Popular Quizzes Today
1
Countries of Asia Without Outlines Minefield
2
Find the US States - No Outlines Minefield
3
Pick 6: Fruits
4
The Countries of the World
5
Alphabetical 'K' Countries by Flag Minefield
6
Find the Countries of Europe - No Outlines Minefield
7
US States
8
Find the US States
More Television Quizzes
'S' TV Shows by Cast Photo
Published
Trending Quizzes
Pick 6: Mountains
Pick 6: Harry Potter
Pick 6: Flags
Pick 6: NFL Teams
Pick 6: Movie Franchises
Recently Updated
Adaptations: Name the Title
pecheneg
NWSL Teams
pecheneg
Women's Final Four Teams by Year
bhenderson79
Presidents Quartet II
eogle
Anything But Clue(do)
eogle
Anything But Oceanian Capitals
eogle
Anything But 7
eogle
Anything But Thing
eogle
Word Ladder: February 29
pecheneg
Song Title Questions
pecheneg
Trending Topics
Harry Potter
Marvel
Crossword
NBA
Anime
Kpop
Disney
Country
Soccer
Puzzle
Pokémon
The Office
WWE
Song
NFL
Your Account Isn't Verified!
In order to create a playlist on Sporcle, you need to verify the email address you used during registration. Go to your
Sporcle Settings
to finish the process.
Report this User
Report this user for behavior that violates our
Community Guidelines
.
Details:
Send Report
Go to the Sporcle.com Mobile Site →
Comments